[Event "Yugoslavia-Asia"]
[Site "Subotica"]
[Date "1984.11.07"]
[Round "6"]
[White "Velimirovic, Dragoljub"]
[Black "Hon Kah Seng, Christie"]
[Result "1-0"]
[WhiteElo "2505"]
[BlackElo "2340"]
[PlyCount "151"]
[EventDate "1984.11.??"]
[EventType "schev ()"]
[EventRounds "12"]
[EventCountry "YUG"]
[Source "ChessBase"]
[SourceDate "2008.11.26"]
[WhiteTeamCountry "ARG"]
[BlackTeamCountry "YUG"]

1. e4 e5 2. Nf3 Nc6 3. c3 Nf6 4. d4 d6 5. h3 Be7 6. d5 Nb8 7. Bd3 a5 8. c4 O-O
9. Nc3 Na6 10. Be3 h6 11. Qe2 Nh7 12. g4 Ng5 13. Nd2 Nh7 14. O-O-O Nc5 15. Bc2
Bd7 16. Nf1 Bg5 17. Ng3 g6 18. h4 Bf4 19. Rdg1 Qe7 20. Qf3 Qf6 21. Nge2 Bxe3+
22. Qxe3 Qg7 23. Ng3 Kh8 24. g5 h5 25. Nf5 gxf5 26. exf5 e4 27. f6 Qg6 28. f3
Rfe8 29. fxe4 Re5 30. Ne2 Bg4 31. Rxg4 hxg4 32. Ng3 Rae8 33. Re1 Kg8 34. Kd1
Nxf6 35. gxf6 Qxf6 36. Rf1 Qg6 37. Qf4 Kf8 38. h5 Qg7 39. h6 Qh7 40. Qf6 Nd7
41. Qh4 Nc5 42. Rf4 R8e7 43. Nf5 Re8 44. Rxg4 Nxe4 45. Nd4 Nf2+ 46. Qxf2 Re1+
47. Kd2 Qxh6+ 48. Qf4 Qxf4+ 49. Rxf4 Rh1 50. Rf2 Re7 51. Nf5 Re5 52. Nd4 Ke7
53. Nb3 b6 54. Nd4 Reh5 55. Re2+ Kf8 56. Nb5 R1h2 57. Nxc7 Rxe2+ 58. Kxe2 Ke7
59. Na8 b5 60. cxb5 Re5+ 61. Kd2 Rxd5+ 62. Bd3 Kd8 63. Nb6 Rg5 64. Bc4 Kc7 65.
Nd5+ Kb7 66. a4 Rg4 67. b3 Rh4 68. Ke3 f5 69. Nf4 Kb6 70. Bd3 Rh1 71. Bxf5 Rc1
72. Kd4 Rf1 73. Nd5+ Kb7 74. Ne3 Rf4+ 75. Be4+ Ka7 76. Nc4 1-0

[Event "Yugoslavia-Asia"]
[Site "Subotica"]
[Date "1984.11.09"]
[Round "7"]
[White "Ye Jiangchuan"]
[Black "Velimirovic, Dragoljub"]
[Result "1-0"]
[WhiteElo "2445"]
[BlackElo "2505"]
[PlyCount "69"]
[EventDate "1984.11.??"]
[EventType "schev ()"]
[EventRounds "12"]
[EventCountry "YUG"]
[Source "ChessBase"]
[SourceDate "2008.11.26"]
[WhiteTeamCountry "ARG"]
[BlackTeamCountry "YUG"]

1. e4 c5 2. Nf3 d6 3. d4 cxd4 4. Nxd4 Nf6 5. Nc3 g6 6. Be3 Bg7 7. f3 Nc6 8. Qd2
O-O 9. Bc4 Bd7 10. h4 Rc8 11. Bb3 Ne5 12. O-O-O Nc4 13. Bxc4 Rxc4 14. h5 Nxh5
15. g4 Nf6 16. Nb3 Re8 17. e5 Nxg4 18. fxg4 Bxg4 19. Rdg1 h5 20. e6 f5 21. Nd5
Qc8 22. Nd4 Kh7 23. Rxg4 fxg4 24. Qd3 Rxc2+ 25. Nxc2 Qxe6 26. Nc7 Qxa2 27. Nxe8
Bxb2+ 28. Kd2 Qa5+ 29. Ke2 Qe5 30. Qc4 d5 31. Qf4 Kg8 32. Rf1 Qxf4 33. Bxf4 Bh8
34. Bg5 g3 35. Bxe7 1-0

[Event "Yugoslavia-Asia"]
[Site "Subotica"]
[Date "1984.11.10"]
[Round "8"]
[White "Velimirovic, Dragoljub"]
[Black "Mascarinas, Rico"]
[Result "1-0"]
[WhiteElo "2505"]
[BlackElo "2425"]
[PlyCount "77"]
[EventDate "1984.11.??"]
[EventType "schev ()"]
[EventRounds "12"]
[EventCountry "YUG"]
[Source "ChessBase"]
[SourceDate "2008.11.26"]
[WhiteTeamCountry "ARG"]
[BlackTeamCountry "YUG"]

1. e4 e5 2. Nf3 Nc6 3. Bb5 d6 4. d4 Bd7 5. Nc3 Nf6 6. Bxc6 Bxc6 7. Qd3 exd4 8.
Nxd4 Nd7 9. Nxc6 bxc6 10. Qa6 Nb6 11. Qb7 Be7 12. Qxc6+ Qd7 13. Qxd7+ Kxd7 14.
Bd2 Bf6 15. O-O-O a5 16. Nd5 Nxd5 17. exd5 Rhb8 18. b3 a4 19. b4 Ra6 20. a3 c6
21. Be3 Rc8 22. Bd4 Be7 23. Rhe1 cxd5 24. Bb2 Bg5+ 25. Kb1 Rac6 26. Re2 g6 27.
Rxd5 Bd8 28. Red2 Bc7 29. Bd4 Ke6 30. Rb5 Bd8 31. Re2+ Kd7 32. Rb7+ R8c7 33.
Rxc7+ Kxc7 34. c3 Kd7 35. Kc2 Be7 36. Kd3 d5 37. Re5 Kd6 38. f4 Bf6 39. Bc5+
1-0

[Event "Yugoslavia-Asia"]
[Site "Subotica"]
[Date "1984.11.11"]
[Round "9"]
[White "Murshed, Niaz"]
[Black "Velimirovic, Dragoljub"]
[Result "0-1"]
[WhiteElo "2405"]
[BlackElo "2505"]
[PlyCount "86"]
[EventDate "1984.11.??"]
[EventType "schev ()"]
[EventRounds "12"]
[EventCountry "YUG"]
[Source "ChessBase"]
[SourceDate "2008.11.26"]
[WhiteTeamCountry "ARG"]
[BlackTeamCountry "YUG"]

1. d4 Nf6 2. Nf3 c5 3. d5 g6 4. Nc3 Bg7 5. a4 d6 6. Nd2 O-O 7. e4 e6 8. Be2
exd5 9. exd5 Na6 10. Nc4 Nb4 11. Bf4 Bf5 12. Ne3 Re8 13. Nxf5 gxf5 14. Bg5 h6
15. Bh4 Qc7 16. O-O Nbxd5 17. Bxf6 Nxf6 18. Bd3 d5 19. Bxf5 Re5 20. Qf3 Rae8
21. Rad1 d4 22. Nb1 Ne4 23. Bxe4 Rxe4 24. Nd2 Re2 25. Qd3 Qa5 26. Nc4 Qxa4 27.
Rd2 Rxd2 28. Nxd2 Qc6 29. Ra1 a6 30. b3 Qe6 31. Kf1 b5 32. Rd1 Qc6 33. Qf3 Qxf3
34. Nxf3 a5 35. Nd2 Rc8 36. Ke2 c4 37. bxc4 bxc4 38. Rb1 a4 39. Kd1 d3 40. Rb4
c3 41. Nc4 Ra8 42. Nb6 Rb8 43. cxd3 a3 0-1

[Event "Yugoslavia-Asia"]
[Site "Subotica"]
[Date "1984.11.12"]
[Round "10"]
[White "Velimirovic, Dragoljub"]
[Black "Qi Jingxuan"]
[Result "0-1"]
[WhiteElo "2505"]
[BlackElo "2435"]
[PlyCount "146"]
[EventDate "1984.11.??"]
[EventType "schev ()"]
[EventRounds "12"]
[EventCountry "YUG"]
[Source "ChessBase"]
[SourceDate "2008.11.26"]
[WhiteTeamCountry "ARG"]
[BlackTeamCountry "YUG"]

1. e4 c5 2. Nf3 d6 3. d4 Nf6 4. Nc3 cxd4 5. Nxd4 e6 6. Bb5+ Nbd7 7. f4 a6 8.
Bxd7+ Qxd7 9. g4 Qc7 10. a4 b6 11. g5 Nd7 12. O-O Be7 13. Be3 g6 14. f5 Ne5 15.
fxe6 fxe6 16. Qe2 Bd7 17. Rad1 Qb7 18. Nf3 O-O 19. Nd4 Rab8 20. Rxf8+ Bxf8 21.
Qg2 b5 22. axb5 axb5 23. b3 Rc8 24. Nce2 Nf7 25. c3 Bg7 26. h4 Ra8 27. h5 Ra2
28. h6 Bf8 29. Rf1 Be7 30. Rf2 Qc8 31. Qg3 Qd8 32. Nf3 e5 33. Nc1 Rxf2 34. Kxf2
Be6 35. Qg1 Qc8 36. Qf1 Qc6 37. Qd3 Bc8 38. Ne2 Be6 39. c4 bxc4 40. bxc4 Bxc4
41. Qc2 Bd5 42. Qxc6 Bxc6 43. Nc3 Bd8 44. Nd5 Kf8 45. Ke2 Ke8 46. Kd3 Kd7 47.
Nf6+ Bxf6 48. gxf6 Ke6 49. Ng5+ Nxg5 50. Bxg5 d5 51. exd5+ Bxd5 52. Ke3 Kf5 53.
Bh4 g5 54. Be1 Kxf6 55. Bc3 Kf5 56. Bb2 Bb7 57. Bc3 Bc6 58. Bb4 Kg4 59. Bd6 e4
60. Be7 Kh5 61. Bf8 g4 62. Be7 Kxh6 63. Kf4 Kh5 64. Bd8 e3 65. Kxe3 g3 66. Kf4
g2 67. Bb6 Kh4 68. Bf2+ Kh3 69. Bg1 h5 70. Kg5 Bf3 71. Kf4 Bd1 72. Kf5 Kg3 73.
Kg5 Bg4 0-1

[Event "Yugoslavia-Asia"]
[Site "Subotica"]
[Date "1984.11.13"]
[Round "11"]
[White "Velimirovic, Dragoljub"]
[Black "Thipsay, Praveen Mahadeo"]
[Result "1-0"]
[WhiteElo "2505"]
[BlackElo "2445"]
[PlyCount "53"]
[EventDate "1984.11.??"]
[EventType "schev ()"]
[EventRounds "12"]
[EventCountry "YUG"]
[Source "ChessBase"]
[SourceDate "2008.11.26"]
[WhiteTeamCountry "ARG"]
[BlackTeamCountry "YUG"]

1. e4 e5 2. Nf3 Nc6 3. Bb5 a6 4. Ba4 Nf6 5. O-O Be7 6. Re1 b5 7. Bb3 d6 8. c3
O-O 9. h3 Nb8 10. d4 Nbd7 11. Nbd2 Bb7 12. Bc2 Re8 13. Nf1 Bf8 14. Ng3 g6 15.
Bg5 Bg7 16. Qd2 c6 17. Rad1 Qe7 18. Nh2 Qf8 19. dxe5 dxe5 20. Ng4 h5 21. Nh6+
Kh7 22. Nhf5 gxf5 23. Nxf5 c5 24. Re3 Re6 25. Qe2 Bc6 26. Rg3 Bh8 27. Rxd7 1-0

[Event "Yugoslavia-Asia"]
[Site "Subotica"]
[Date "1984.11.15"]
[Round "12"]
[White "Hon Kah Seng, Christie"]
[Black "Velimirovic, Dragoljub"]
[Result "0-1"]
[WhiteElo "2340"]
[BlackElo "2505"]
[PlyCount "146"]
[EventDate "1984.11.??"]
[EventType "schev ()"]
[EventRounds "12"]
[EventCountry "YUG"]
[Source "ChessBase"]
[SourceDate "2008.11.26"]
[WhiteTeamCountry "ARG"]
[BlackTeamCountry "YUG"]

1. d4 Nf6 2. Nc3 e6 3. Bg5 h6 4. Bxf6 Qxf6 5. e4 Bb4 6. Nge2 c5 7. a3 cxd4 8.
axb4 dxc3 9. Nxc3 O-O 10. Be2 Nc6 11. Qd6 Qd4 12. Qxd4 Nxd4 13. Bd3 d6 14. Nb5
Nxb5 15. Bxb5 Rd8 16. O-O a6 17. Rfd1 Kf8 18. Rd2 Ke7 19. f3 Rb8 20. Ba4 g6 21.
Rad1 Bd7 22. Bxd7 Rxd7 23. Kf2 f5 24. Ke3 Rf8 25. g3 g5 26. f4 fxe4 27. Kxe4
gxf4 28. gxf4 d5+ 29. Ke3 Rc7 30. c3 Kd6 31. Rd4 Rf5 32. R1d2 Rg7 33. c4 Rh5
34. Kd3 Rg4 35. cxd5 exd5 36. Kc2 Rgh4 37. Kc3 Rh3+ 38. Kc2 b5 39. b3 Ke6 40.
Kb2 Re3 41. Kc2 Re4 42. Kc3 Re3+ 43. Kc2 Reh3 44. Re2+ Kf6 45. Rdd2 Rf3 46. Rd4
Rf5 47. Red2 Ke6 48. Re2+ Kd7 49. Red2 Ke6 50. Re2+ Kf6 51. Red2 R3xf4 52. Rxf4
Rxf4 53. Rxd5 Rf2+ 54. Rd2 Rxd2+ 55. Kxd2 Kf5 56. Ke3 Kg4 57. Kf2 Kf4 58. h3
Ke4 59. Kg3 Kd4 60. Kg4 Kc3 61. Kh5 Kxb4 62. Kxh6 a5 63. Kg7 a4 64. bxa4 bxa4
65. h4 a3 66. h5 a2 67. h6 a1=Q+ 68. Kg8 Qg1+ 69. Kf7 Qf2+ 70. Kg7 Qg3+ 71. Kh8
Qf4 72. Kg7 Qg5+ 73. Kh7 Kc5 0-1

[Event "Titograd"]
[Site "Titograd"]
[Date "1984.??.??"]
[Round "1"]
[White "Csom, Istvan"]
[Black "Velimirovic, Dragoljub"]
[Result "0-1"]
[WhiteElo "2500"]
[BlackElo "2505"]
[PlyCount "64"]
[EventDate "1984.12.??"]
[EventType "tourn"]
[EventRounds "11"]
[EventCountry "YUG"]
[EventCategory "12"]
[Source "ChessBase"]
[SourceDate "1999.07.01"]
[WhiteTeamCountry "ARG"]
[BlackTeamCountry "YUG"]

1. Nf3 Nf6 2. c4 e6 3. b3 d5 4. Bb2 c5 5. e3 Nc6 6. cxd5 exd5 7. Be2 d4 8. Bb5
Bd6 9. exd4 O-O 10. dxc5 Re8+ 11. Be2 Bxc5 12. O-O Bf5 13. d4 Bb6 14. Bc4 Be4
15. Nbd2 Nxd4 16. Nxe4 Rxe4 17. a4 a5 18. Ra2 Nxf3+ 19. Qxf3 Bd4 20. Bxd4 Qxd4
21. Rd1 Qe5 22. g3 h5 23. Rad2 Re1+ 24. Kg2 Rxd1 25. Rxd1 Qe7 26. h3 Rc8 27.
Rd4 g6 28. Rf4 Kg7 29. Qc3 Rc5 30. Qd4 b6 31. Qc3 g5 32. Rf3 Re5 {time} 0-1

[Event "Titograd"]
[Site "Titograd"]
[Date "1984.??.??"]
[Round "2"]
[White "Marjanovic, Slavoljub"]
[Black "Velimirovic, Dragoljub"]
[Result "0-1"]
[WhiteElo "2515"]
[BlackElo "2505"]
[PlyCount "84"]
[EventDate "1984.12.??"]
[EventType "tourn"]
[EventRounds "11"]
[EventCountry "YUG"]
[EventCategory "12"]
[Source "ChessBase"]
[SourceDate "1999.07.01"]
[WhiteTeamCountry "ARG"]
[BlackTeamCountry "YUG"]

1. e4 e5 2. Nf3 Nc6 3. Bb5 Bb4 4. c3 Ba5 5. a4 a6 6. Bc4 Nf6 7. b4 Bb6 8. d3 d6
9. h3 h6 10. Qb3 Qe7 11. Ba3 a5 12. b5 Nb8 13. Nbd2 Nbd7 14. Qc2 Bc5 15. Bb2
O-O 16. Ba2 Nh5 17. d4 Bb6 18. g3 Ndf6 19. O-O-O Be6 20. Bb1 c6 21. Ba3 Qc7 22.
bxc6 bxc6 23. Nf1 Rfd8 24. Ne3 Rab8 25. c4 Ba7 26. Ba2 Nh7 27. Nf5 N5f6 28. g4
Bxf5 29. gxf5 exd4 30. Rhg1 Re8 31. Rde1 Nh5 32. Qd2 Kh8 33. Nxd4 Ng5 34. Rxg5
hxg5 35. Nf3 Bc5 36. Bb2 Qe7 37. e5 Bb4 38. Qd1 Bxe1 39. Nxe1 Rxb2 40. Qxh5+
Kg8 41. Nf3 Rxf2 42. Nxg5 Qb7 0-1

[Event "Titograd"]
[Site "Titograd"]
[Date "1984.??.??"]
[Round "3"]
[White "Velimirovic, Dragoljub"]
[Black "Cebalo, Miso"]
[Result "1-0"]
[WhiteElo "2505"]
[BlackElo "2400"]
[PlyCount "65"]
[EventDate "1984.12.??"]
[EventType "tourn"]
[EventRounds "11"]
[EventCountry "YUG"]
[EventCategory "12"]
[Source "ChessBase"]
[SourceDate "1999.07.01"]
[WhiteTeamCountry "ARG"]
[BlackTeamCountry "YUG"]

1. e4 c5 2. Nf3 d6 3. d4 cxd4 4. Nxd4 Nf6 5. Nc3 e6 6. Bc4 Nc6 7. Be3 a6 8. Bb3
Be7 9. Qe2 Qc7 10. O-O-O Na5 11. g4 b5 12. g5 Nxb3+ 13. axb3 Nd7 14. Qh5 O-O
15. Rhg1 b4 16. Nf5 Ne5 17. Nxe7+ Qxe7 18. Na4 Bb7 19. f4 Nd7 20. Rd4 f5 21.
gxf6 Nxf6 22. Qh4 Rf7 23. e5 dxe5 24. fxe5 Nd5 25. Qxe7 Rxe7 26. Bh6 Kh8 27.
Bd2 a5 28. Nc5 Rf8 29. Bg5 Ref7 30. Nxe6 Re8 31. Nd8 Rxd8 32. Bxd8 Nf4 33. Re1
1-0

[Event "Titograd"]
[Site "Titograd"]
[Date "1984.??.??"]
[Round "4"]
[White "Popovic, Petar"]
[Black "Velimirovic, Dragoljub"]
[Result "1/2-1/2"]
[WhiteElo "2525"]
[BlackElo "2505"]
[PlyCount "70"]
[EventDate "1984.12.??"]
[EventType "tourn"]
[EventRounds "11"]
[EventCountry "YUG"]
[EventCategory "12"]
[Source "ChessBase"]
[SourceDate "1999.07.01"]
[WhiteTeamCountry "ARG"]
[BlackTeamCountry "YUG"]

1. e4 c5 2. Nf3 d6 3. d4 cxd4 4. Nxd4 Nf6 5. Nc3 g6 6. g3 Nc6 7. Bg2 Nxd4 8.
Qxd4 Bg7 9. O-O O-O 10. Qb4 Qc7 11. a4 a5 12. Qb3 Be6 13. Nd5 Nxd5 14. exd5 Bf5
15. c3 Bd3 16. Re1 Rab8 17. Bg5 Rfe8 18. Bf1 Bxf1 19. Kxf1 Bf6 20. Be3 b6 21.
c4 h5 22. Kg2 e5 23. dxe6 Rxe6 24. Red1 h4 25. Rd5 Re4 26. Rc1 Qd7 27. Bf4 Rxf4
28. gxf4 Qg4+ 29. Kh1 Re8 30. Rg1 Qxf4 31. Rd3 Be5 32. Rh3 Qxf2 33. Qe3 Qxb2
34. Rg4 Re6 35. Qf3 Re8 1/2-1/2

[Event "Titograd"]
[Site "Titograd"]
[Date "1984.??.??"]
[Round "5"]
[White "Velimirovic, Dragoljub"]
[Black "Kudrin, Sergey"]
[Result "1/2-1/2"]
[WhiteElo "2505"]
[BlackElo "2550"]
[PlyCount "46"]
[EventDate "1984.12.??"]
[EventType "tourn"]
[EventRounds "11"]
[EventCountry "YUG"]
[EventCategory "12"]
[Source "ChessBase"]
[SourceDate "1999.07.01"]
[WhiteTeamCountry "ARG"]
[BlackTeamCountry "YUG"]

1. e4 c5 2. Nf3 d6 3. d4 cxd4 4. Nxd4 Nf6 5. Nc3 g6 6. Be3 Bg7 7. f3 Nc6 8. Qd2
O-O 9. g4 Be6 10. O-O-O Ne5 11. g5 Nh5 12. f4 Nc4 13. Nxe6 Nxd2 14. Nxd8 Nxf1
15. Rhxf1 Bxc3 16. Nxb7 Bxb2+ 17. Kxb2 Rab8 18. Rd4 Rxb7+ 19. Kc3 Rc8+ 20. Rc4
Rxc4+ 21. Kxc4 Rb2 22. Kd3 Rxa2 23. Rb1 f6 1/2-1/2

[Event "Titograd"]
[Site "Titograd"]
[Date "1984.??.??"]
[Round "6"]
[White "Tal, Mihail"]
[Black "Velimirovic, Dragoljub"]
[Result "1/2-1/2"]
[WhiteElo "2605"]
[BlackElo "2505"]
[PlyCount "48"]
[EventDate "1984.12.??"]
[EventType "tourn"]
[EventRounds "11"]
[EventCountry "YUG"]
[EventCategory "12"]
[Source "ChessBase"]
[SourceDate "1999.07.01"]
[WhiteTeamCountry "ARG"]
[BlackTeamCountry "YUG"]

1. Nf3 c5 2. c4 Nc6 3. Nc3 g6 4. e3 d6 5. d4 Bg7 6. Be2 Bg4 7. d5 Na5 8. Bd2
Nf6 9. h3 Bxf3 10. Bxf3 O-O 11. b3 a6 12. O-O Rb8 13. Rb1 b5 14. cxb5 axb5 15.
b4 Nc4 16. bxc5 dxc5 17. Rxb5 Rxb5 18. Nxb5 Nxd5 19. Bc1 e6 20. Be2 Na5 21. Qa4
Nc6 22. Qc4 Qb6 23. Ba3 Ncb4 24. Rc1 Ra8 1/2-1/2

[Event "Titograd"]
[Site "Titograd"]
[Date "1984.??.??"]
[Round "7"]
[White "Velimirovic, Dragoljub"]
[Black "Korchnoi, Viktor"]
[Result "1/2-1/2"]
[WhiteElo "2505"]
[BlackElo "2635"]
[PlyCount "123"]
[EventDate "1984.12.??"]
[EventType "tourn"]
[EventRounds "11"]
[EventCountry "YUG"]
[EventCategory "12"]
[Source "ChessBase"]
[SourceDate "1999.07.01"]
[WhiteTeamCountry "ARG"]
[BlackTeamCountry "YUG"]

1. e4 c6 2. d4 d5 3. exd5 cxd5 4. c4 Nf6 5. Nc3 e6 6. Nf3 Bb4 7. cxd5 Nxd5 8.
Qc2 Nc6 9. Bd3 Ba5 10. O-O Ndb4 11. Qe2 Nxd3 12. Qxd3 h6 13. Bf4 O-O 14. Rfd1
Nb4 15. Qe4 Nd5 16. Nxd5 exd5 17. Qd3 Bg4 18. Rdc1 Bb6 19. Ne5 Be6 20. h3 Qh4
21. Qd2 Rac8 22. Nf3 Qh5 23. Rxc8 Rxc8 24. Rc1 Qg6 25. Rxc8+ Bxc8 26. Kh2 Qb1
27. a3 Bf5 28. Bd6 Qd3 29. Qf4 Qe4 30. Qe3 f6 31. g4 Bd7 32. Kg2 h5 33. gxh5
Qf5 34. Ng1 Qxh5 35. Bc5 Bc7 36. Bxa7 Qg6+ 37. Kh1 Bf5 38. Bc5 Be4+ 39. f3 Bd3
40. Qe6+ Kh7 41. Qg4 Qe8 42. Qh4+ Kg8 43. Qf2 Bf4 44. Bb4 Qe3 45. Kg2 g5 46.
Be1 Bc4 47. h4 Qxf2+ 48. Kxf2 gxh4 49. Ne2 Bxe2 50. Kxe2 h3 51. Kf2 Kf7 52. a4
Be3+ 53. Kg3 Bxd4 54. b4 Be3 55. a5 d4 56. b5 d3 57. a6 bxa6 58. bxa6 Ke6 59.
Kxh3 f5 60. Bd2 Bf2 61. Kg2 Ba7 62. Kg3 1/2-1/2

[Event "Titograd"]
[Site "Titograd"]
[Date "1984.??.??"]
[Round "8"]
[White "Djuric, Stefan"]
[Black "Velimirovic, Dragoljub"]
[Result "1/2-1/2"]
[WhiteElo "2490"]
[BlackElo "2505"]
[PlyCount "123"]
[EventDate "1984.12.??"]
[EventType "tourn"]
[EventRounds "11"]
[EventCountry "YUG"]
[EventCategory "12"]
[Source "ChessBase"]
[SourceDate "1999.07.01"]
[WhiteTeamCountry "ARG"]
[BlackTeamCountry "YUG"]

1. d4 Nf6 2. c4 c5 3. Nf3 e6 4. Nc3 cxd4 5. Nxd4 Nc6 6. Ndb5 d5 7. Bf4 e5 8.
cxd5 exf4 9. dxc6 bxc6 10. Qxd8+ Kxd8 11. Nd4 Bd7 12. g3 Bb4 13. Bg2 fxg3 14.
hxg3 Bxc3+ 15. bxc3 Kc7 16. Rh4 g5 17. Rh6 Ng4 18. Rh5 h6 19. f3 Nf6 20. Rh2 h5
21. e4 Rae8 22. O-O-O g4 23. Nb3 gxf3 24. Bxf3 Re5 25. Rh4 Be6 26. Rf4 Nd7 27.
Rd2 c5 28. Rh2 Rg5 29. Be2 Rxg3 30. Rxh5 Rxc3+ 31. Kd2 Rh3 32. Rxh8 Rxh8 33.
Bb5 Rh5 34. Kc3 Kd6 35. Rf2 Nb6 36. Rd2+ Kc7 37. Na5 Re5 38. Re2 Nc8 39. Nc4
Rh5 40. a4 Nd6 41. Nxd6 Kxd6 42. Rd2+ Ke5 43. Bc6 Rh3+ 44. Kc2 Rb3 45. Rd8 Rb6
46. Bd5 Rb4 47. Bc6 Rd4 48. Ra8 Bd7 49. Bxd7 Rxd7 50. Re8+ Kd4 51. e5 Kd5 52.
a5 Rc7 53. Kc3 c4 54. a6 Ke4 55. e6 f5 56. Rd8 Re7 57. Rd7 Rxe6 58. Rxa7 Rc6
59. Re7+ Kd5 60. Rd7+ Ke6 61. Rh7 Kd5 62. Rd7+ 1/2-1/2

[Event "Titograd"]
[Site "Titograd"]
[Date "1984.??.??"]
[Round "10"]
[White "Ivanovic, Bozidar"]
[Black "Velimirovic, Dragoljub"]
[Result "1/2-1/2"]
[WhiteElo "2515"]
[BlackElo "2505"]
[PlyCount "34"]
[EventDate "1984.12.??"]
[EventType "tourn"]
[EventRounds "11"]
[EventCountry "YUG"]
[EventCategory "12"]
[Source "ChessBase"]
[SourceDate "1999.07.01"]
[WhiteTeamCountry "ARG"]
[BlackTeamCountry "YUG"]

1. e4 e5 2. Nf3 Nc6 3. Bb5 a6 4. Ba4 Nf6 5. O-O Be7 6. Re1 b5 7. Bb3 d6 8. c3
O-O 9. h3 Na5 10. Bc2 c5 11. d4 Qc7 12. Nbd2 Bd7 13. dxe5 dxe5 14. Nf1 Rad8 15.
Qe2 Nc4 16. Ne3 Nxe3 17. Bxe3 h6 1/2-1/2

[Event "Bor"]
[Site "Bor"]
[Date "1985.??.??"]
[Round "1"]
[White "Psakhis, Lev"]
[Black "Velimirovic, Dragoljub"]
[Result "1/2-1/2"]
[WhiteElo "2540"]
[BlackElo "2530"]
[PlyCount "85"]
[EventDate "1985.??.??"]
[EventType "tourn"]
[EventRounds "13"]
[EventCountry "YUG"]
[EventCategory "10"]
[Source "ChessBase"]
[SourceDate "1998.11.10"]
[WhiteTeamCountry "ARG"]
[BlackTeamCountry "YUG"]

1. d4 Nf6 2. c4 c5 3. d5 g6 4. Nc3 Bg7 5. e4 O-O 6. Bg5 d6 7. Qd2 a6 8. a4 Re8
9. Bd3 Nbd7 10. Nf3 e6 11. O-O b6 12. h3 Qc7 13. Rfe1 Bb7 14. Bf4 exd5 15. exd5
Rxe1+ 16. Rxe1 Re8 17. g4 Bc8 18. Kg2 Kf8 19. Bg3 Rxe1 20. Nxe1 Ne8 21. f4 Qd8
22. Nf3 Qe7 23. Bh4 Bf6 24. Ng5 Kg8 25. Nce4 h6 26. Nxf6+ Ndxf6 27. Nf3 h5 28.
f5 Qf8 29. g5 Nh7 30. f6 Nc7 31. Qf4 b5 32. b3 bxa4 33. bxa4 Qd8 34. Bg3 Ne8
35. Bxg6 fxg6 36. f7+ Kg7 37. fxe8=N+ Qxe8 38. Qxd6 Qe2+ 39. Kg1 Qe3+ 40. Bf2
Qxf3 41. Qc7+ Qf7 42. Qxc8 Nxg5 43. Qxc5 1/2-1/2

[Event "Bor"]
[Site "Bor"]
[Date "1985.??.??"]
[Round "2"]
[White "Velimirovic, Dragoljub"]
[Black "Morovic Fernandez, Ivan"]
[Result "1/2-1/2"]
[WhiteElo "2500"]
[BlackElo "2450"]
[PlyCount "76"]
[EventDate "1985.??.??"]
[EventType "tourn"]
[EventRounds "13"]
[EventCountry "YUG"]
[EventCategory "10"]
[Source "ChessBase"]
[SourceDate "1998.11.10"]
[WhiteTeamCountry "ARG"]
[BlackTeamCountry "YUG"]

1. e4 c5 2. Nf3 d6 3. d4 cxd4 4. Nxd4 Nf6 5. Nc3 Nc6 6. Be3 e6 7. Bc4 a6 8. Qe2
Be7 9. O-O-O Qc7 10. Rhg1 Na5 11. Bd3 b5 12. a3 Bb7 13. g4 d5 14. exd5 Nxd5 15.
Nxd5 Bxd5 16. Kb1 Nc4 17. Bc1 Bf6 18. Be4 Bxe4 19. Qxe4 O-O 20. g5 Bxd4 21.
Rxd4 Rac8 22. Rgd1 Qc5 23. h4 b4 24. axb4 Qxb4 25. b3 Na3+ 26. Bxa3 Qxa3 27. h5
Rc3 28. R1d3 Rxd3 29. Qxd3 Qc5 30. f4 e5 31. fxe5 Qxe5 32. Rd5 Qh2 33. Qd1 Qf4
34. Qh1 h6 35. gxh6 Qxh6 36. Qf3 Re8 37. Qd3 Qe6 38. Ka2 Rc8 1/2-1/2

[Event "Bor"]
[Site "Bor"]
[Date "1985.??.??"]
[Round "3"]
[White "Barlov, Dragan"]
[Black "Velimirovic, Dragoljub"]
[Result "1/2-1/2"]
[WhiteElo "2430"]
[BlackElo "2500"]
[PlyCount "37"]
[EventDate "1985.??.??"]
[EventType "tourn"]
[EventRounds "13"]
[EventCountry "YUG"]
[EventCategory "10"]
[Source "ChessBase"]
[SourceDate "1998.11.10"]
[WhiteTeamCountry "ARG"]
[BlackTeamCountry "YUG"]

1. d4 Nf6 2. Nf3 c5 3. e3 b6 4. dxc5 bxc5 5. e4 Bb7 6. e5 Ne4 7. Bd3 f5 8. O-O
e6 9. Nbd2 Be7 10. Qe2 Nxd2 11. Nxd2 Nc6 12. Nc4 O-O 13. c3 Na5 14. f4 Nxc4 15.
Bxc4 Qc7 16. Be3 g5 17. Rad1 gxf4 18. Bxf4 Kh8 19. Ba6 1/2-1/2

[Event "Bor"]
[Site "Bor"]
[Date "1985.??.??"]
[Round "4"]
[White "Velimirovic, Dragoljub"]
[Black "Vukic, Milan"]
[Result "1-0"]
[WhiteElo "2500"]
[BlackElo "2490"]
[PlyCount "55"]
[EventDate "1985.??.??"]
[EventType "tourn"]
[EventRounds "13"]
[EventCountry "YUG"]
[EventCategory "10"]
[Source "ChessBase"]
[SourceDate "1998.11.10"]
[WhiteTeamCountry "ARG"]
[BlackTeamCountry "YUG"]

1. e4 c5 2. Nf3 e6 3. d4 cxd4 4. Nxd4 Nf6 5. Nc3 Nc6 6. Bg5 Qa5 7. Bxf6 gxf6 8.
Nb3 Qc7 9. Be2 a6 10. O-O b5 11. f4 Bb7 12. Bh5 Bb4 13. Qd3 Rg8 14. Rad1 Ne7
15. Qd4 Bxc3 16. bxc3 f5 17. Nc5 Bxe4 18. Nxe4 fxe4 19. f5 Nxf5 20. Qf6 Qc5+
21. Rd4 Qe7 22. Rxf5 exf5 23. Qxf5 Rg5 24. Bxf7+ Kf8 25. Qf4 Qe5 26. Qh4 Rg7
27. Bd5 Re8 28. Qf2+ 1-0

[Event "Bor"]
[Site "Bor"]
[Date "1985.??.??"]
[Round "5"]
[White "Campora, Daniel Hugo"]
[Black "Velimirovic, Dragoljub"]
[Result "1-0"]
[WhiteElo "2485"]
[BlackElo "2500"]
[PlyCount "87"]
[EventDate "1985.??.??"]
[EventType "tourn"]
[EventRounds "13"]
[EventCountry "YUG"]
[EventCategory "10"]
[Source "ChessBase"]
[SourceDate "1998.11.10"]
[WhiteTeamCountry "ARG"]
[BlackTeamCountry "YUG"]

1. e4 c5 2. Nf3 d6 3. d4 cxd4 4. Nxd4 Nf6 5. Nc3 g6 6. Be3 Bg7 7. f3 Nc6 8. Qd2
O-O 9. g4 Be6 10. O-O-O Nxd4 11. Bxd4 Qa5 12. a3 Rfc8 13. h4 Rab8 14. Nd5 Qxd2+
15. Rxd2 Nxd5 16. Bxg7 Kxg7 17. exd5 Bd7 18. h5 b5 19. hxg6 hxg6 20. Rdh2 Kf6
21. Rh7 Rf8 22. Bd3 a5 23. Rg1 Ke5 24. Bxg6 fxg6 25. Rxe7+ Kxd5 26. Rxd7 Rxf3
27. Rd1+ Ke5 28. R7xd6 g5 29. Rg6 Kf4 30. Rd4+ Ke5 31. c3 Rf1+ 32. Kc2 Rf2+ 33.
Kb3 b4 34. Rxg5+ Kf6 35. Rf5+ Rxf5 36. gxf5 a4+ 37. Kxa4 bxc3 38. b4 Rc8 39.
Rd1 Kxf5 40. Kb3 Ke5 41. Kc2 Ra8 42. Kxc3 Rxa3+ 43. Kc4 Ke6 44. b5 1-0

[Event "Bor"]
[Site "Bor"]
[Date "1985.??.??"]
[Round "6"]
[White "Velimirovic, Dragoljub"]
[Black "Eingorn, Vereslav"]
[Result "1/2-1/2"]
[WhiteElo "2500"]
[BlackElo "2525"]
[PlyCount "80"]
[EventDate "1985.??.??"]
[EventType "tourn"]
[EventRounds "13"]
[EventCountry "YUG"]
[EventCategory "10"]
[Source "ChessBase"]
[SourceDate "1998.11.10"]
[WhiteTeamCountry "ARG"]
[BlackTeamCountry "YUG"]

1. e4 e6 2. d4 d5 3. Nc3 Bb4 4. e5 Ne7 5. a3 Bxc3+ 6. bxc3 c5 7. Qg4 Kf8 8. Nf3
Qa5 9. Bd2 Qa4 10. Be2 b6 11. Ng5 h6 12. Qh5 Qe8 13. f4 Kg8 14. Nf3 Ba6 15. Bd1
Nbc6 16. g4 f5 17. dxc5 bxc5 18. Be3 d4 19. cxd4 fxg4 20. Qxg4 Nf5 21. Rg1 Qd7
22. d5 Nxe3 23. dxc6 Qf7 24. Qh4 Bb5 25. Kf2 Nf5 26. Qf6 Bxc6 27. Be2 Rf8 28.
Rad1 Kh7 29. Qxf7 Rxf7 30. Bd3 Bxf3 31. Kxf3 Rhf8 32. Rg4 g6 33. Be4 h5 34. Rg5
Nd4+ 35. Ke3 Rxf4 36. Rxh5+ Kg7 37. Rg5 Rh4 38. Rxg6+ Kh8 39. c3 Nb5 40. Rc1
Nxa3 1/2-1/2